000
00235nam a2200097Ia 4500
005
20251222114404.0
008
251222s1900||||xx |||||||||||||| ||spa||
082
_a
DVD0150/C83/2000
245
0
_a
MarĂa: Figlia del suo Figlio:
942
_c
DVD
999
_c
1773
_d
1773